[Event "Primorsko op"]
[Site "Primorsko"]
[Date "2020.09.16"]
[Round "3"]
[White "Danov, Lyubomir"]
[Black "Dimitrov, Radoslav"]
[Result "1/2-1/2"]
[WhiteElo "2344"]
[BlackElo "2505"]
[PlyCount "109"]
[EventDate "2020.09.14"]
[EventType "swiss"]
[EventRounds "9"]
[EventCountry "BUL"]
[SourceTitle "CBM 198 Extra"]
[Source "ChessBase"]
[SourceDate "2020.11.30"]
[SourceVersion "1"]
[SourceVersionDate "2020.11.30"]
[SourceQuality "1"]

1. e4 g6 2. d4 d6 3. Nf3 Nf6 4. Bd3 Bg7 5. 0-0 0-0 6. c3 Nbd7 7. h3 e5 8. Be3 d5 9. dxe5 Nxe4 10. e6 fxe6 11. Bxe4 dxe4 12. Ng5 Nf6 13. Nd2 Nd5 14. Qe2 Nxe3 15. Qxe3 Qd3 16. Ndxe4 Qxe3 17. fxe3 h6 18. Rxf8+ Kxf8 19. Rf1+ Ke8 20. Nf3 b6 21. Nh4 Ba6 22. Rf2 Bd3 23. Nf6+ Bxf6 24. Rxf6 Ke7 25. Rf2 e5 26. Nf3 Ke6 27. Rd2 Bb1 28. a3 c5 29. Nh2 g5 30. Nf1 h5 31. Kf2 e4 32. Ke1 Bd3 33. Rf2 Rh8 34. Ng3 a5 35. Nf5 Rh7 36. Ng3 Rh8 37. Nf5 Rg8 38. Ng3 h4 39. Ne2 Rh8 40. Nc1 Rg8 41. Ne2 a4 42. c4 Bxc4 43. Nc3 g4 44. hxg4 Rxg4 45. Nxa4 Bb3 46. Nc3 Ke5 47. Ne2 Bc4 48. Nf4 Rg3 49. Kd2 b5 50. b4 cxb4 51. axb4 Rg8 52. Kc3 Rg3 53. Kd2 Rg8 54. Kc3 Rg3 55. Kd2 1/2-1/2

[Event "Thessaloniki White Tower op 42nd"]
[Site "Thessaloniki"]
[Date "2020.01.07"]
[Round "9"]
[White "Danov, Lyubomir"]
[Black "Kalogridis, Antonios"]
[Result "1/2-1/2"]
[WhiteElo "2365"]
[BlackElo "1897"]
[PlyCount "34"]
[EventDate "2020.01.02"]
[EventType "swiss"]
[EventRounds "9"]
[EventCountry "GRE"]
[SourceTitle "EXT 2021"]
[Source "ChessBase"]
[SourceDate "2020.10.23"]
[SourceVersion "1"]
[SourceVersionDate "2020.10.23"]
[SourceQuality "1"]

1. d4 Nf6 2. Nc3 d5 3. Bf4 g6 4. e3 Bg7 5. h4 h5 6. Nf3 0-0 7. Be2 c5 8. dxc5 Qa5 9. Nd2 Qxc5 10. Nb3 Qb6 11. 0-0 Nc6 12. Bf3 Rd8 13. Na4 Qb4 14. Nac5 Qb6 15. Na4 Qb4 16. Nc3 Qb6 17. Na4 Qb4 1/2-1/2

[Event "Thessaloniki White Tower op 42nd"]
[Site "Thessaloniki"]
[Date "2020.01.05"]
[Round "7"]
[White "Danov, Lyubomir"]
[Black "Stefanou, Dimitrios"]
[Result "1/2-1/2"]
[WhiteElo "2365"]
[BlackElo "1938"]
[PlyCount "112"]
[EventDate "2020.01.02"]
[EventType "swiss"]
[EventRounds "9"]
[EventCountry "GRE"]
[SourceTitle "CBM 194 Extra"]
[Source "ChessBase"]
[SourceDate "2020.03.31"]
[SourceVersion "1"]
[SourceVersionDate "2020.03.31"]
[SourceQuality "1"]

1. e4 e6 2. d3 d5 3. Nd2 c5 4. Ngf3 Nc6 5. g3 Nf6 6. Bg2 Be7 7. 0-0 b6 8. Re1 Bb7 9. e5 Nd7 10. Nf1 Qc7 11. Bf4 h6 12. h4 0-0-0 13. N1h2 Rdg8 14. Ng4 Bd8 15. c3 Ne7 16. b4 Nf5 17. a4 g5 18. hxg5 hxg5 19. Bd2 c4 20. Nd4 a6 21. Qf3 Nxd4 22. cxd4 Rf8 23. dxc4 dxc4 24. Qxb7+ Qxb7 25. Bxb7+ Kxb7 26. b5 Be7 27. Rac1 Rc8 28. Ne3 axb5 29. axb5 Rhd8 30. Nxc4 Nf8 31. Be3 Rd5 32. Nd2 Rxb5 33. Ne4 Rd5 34. Bxg5 Rxc1 35. Rxc1 Bxg5 36. Nxg5 Rxd4 37. Nxf7 b5 38. Kf1 b4 39. Ke2 Kb6 40. Ke3 Rd7 41. Nd6 Ng6 42. f4 Ne7 43. Nc8+ Nxc8 44. Rxc8 Rg7 45. Rb8+ Kc5 46. Kf3 Rd7 47. f5 exf5 48. Kf4 Rg7 49. e6 Kd6 50. Rb6+ Kc5 51. Rb8 Kd6 52. Kxf5 Rxg3 53. Rb6+ Ke7 54. Rb7+ Ke8 55. Rxb4 Rf3+ 56. Ke5 Rf1 1/2-1/2

[Event "Thessaloniki White Tower op 42nd"]
[Site "Thessaloniki"]
[Date "2020.01.05"]
[Round "6"]
[White "Kukov, Velislav"]
[Black "Danov, Lyubomir"]
[Result "1/2-1/2"]
[WhiteElo "2349"]
[BlackElo "2365"]
[PlyCount "21"]
[EventDate "2020.01.02"]
[EventType "swiss"]
[EventRounds "9"]
[EventCountry "GRE"]
[SourceTitle "CBM 194 Extra"]
[Source "ChessBase"]
[SourceDate "2020.03.31"]
[SourceVersion "1"]
[SourceVersionDate "2020.03.31"]
[SourceQuality "1"]

1. d4 d5 2. c4 c6 3. Nf3 Nf6 4. cxd5 cxd5 5. Nc3 Nc6 6. Bf4 Nh5 7. Bd2 Nf6 8. Bf4 Nh5 9. Bd2 Nf6 10. Bf4 Nh5 11. Bc1 1/2-1/2

[Event "Thessaloniki White Tower op 42nd"]
[Site "Thessaloniki"]
[Date "2020.01.04"]
[Round "4"]
[White "Sai Agni, Jeevitesh J"]
[Black "Danov, Lyubomir"]
[Result "1/2-1/2"]
[WhiteElo "2293"]
[BlackElo "2365"]
[PlyCount "23"]
[EventDate "2020.01.02"]
[EventType "swiss"]
[EventRounds "9"]
[EventCountry "GRE"]
[SourceTitle "CBM 194 Extra"]
[Source "ChessBase"]
[SourceDate "2020.03.31"]
[SourceVersion "1"]
[SourceVersionDate "2020.03.31"]
[SourceQuality "1"]

1. d4 e6 2. c4 Nf6 3. Nf3 d5 4. Nc3 Be7 5. cxd5 exd5 6. Bg5 c6 7. Qc2 g6 8. e3 Bf5 9. Bd3 Bxd3 10. Qxd3 Nbd7 11. 0-0 0-0 12. a3 1/2-1/2

[Event "Thessaloniki White Tower op 42nd"]
[Site "Thessaloniki"]
[Date "2020.01.02"]
[Round "1"]
[White "Danov, Lyubomir"]
[Black "Giakoustidis, Spiros Avgerinos"]
[Result "1-0"]
[WhiteElo "2365"]
[BlackElo "1721"]
[PlyCount "95"]
[EventDate "2020.01.02"]
[EventType "swiss"]
[EventRounds "9"]
[EventCountry "GRE"]
[SourceTitle "CBM 194 Extra"]
[Source "ChessBase"]
[SourceDate "2020.03.31"]
[SourceVersion "1"]
[SourceVersionDate "2020.03.31"]
[SourceQuality "1"]

1. e4 d6 2. d4 Nf6 3. Nc3 g6 4. Be3 c6 5. f3 Bg7 6. Qd2 Qa5 7. 0-0-0 Nbd7 8. Kb1 a6 9. Nge2 b5 10. Nc1 Qc7 11. Bh6 Bxh6 12. Qxh6 Bb7 13. g4 0-0-0 14. g5 Nh5 15. Bh3 Kb8 16. N3e2 c5 17. Bg4 cxd4 18. Bxh5 gxh5 19. Nxd4 Ne5 20. Qxh5 Rc8 21. Rhe1 Ng6 22. Rd2 d5 23. Nd3 dxe4 24. fxe4 Rhd8 25. Nb3 a5 26. Qe2 a4 27. Nbc5 Nf4 28. Nxf4 Rxd2 29. Qxd2 Qxc5 30. Nd3 Qd4 31. Qf4+ Ka8 32. Qxf7 a3 33. Qxe7 axb2 34. Qa3+ Kb8 35. Qxb2 Qc4 36. Nb4 Rf8 37. Nd5 Rf1 38. Qe5+ Ka7 39. Rxf1 Qxf1+ 40. Kb2 Qc4 41. a3 b4 42. Nxb4 Bxe4 43. Qc3 Qe2 44. a4 Kb7 45. h4 Qh2 46. a5 Qxh4 47. Qd4 Qf4 48. Nd5 1-0